Catálogo

Genetics of psychological well-being : (Registro nro. 67078)

Detalles MARC
000 -LEADER
fixed length control field 00903nam a2200265 u 4500
001 - CONTROL NUMBER
control field 67078
005 - DATE AND TIME OF LATEST TRANSACTION
control field 20191007111043.0
008 - FIXED-LENGTH DATA ELEMENTS--GENERAL INFORMATION
fixed length control field 170330s2015 xxua r 000 0 eng d
020 ## - INTERNATIONAL STANDARD BOOK NUMBER
International Standard Book Number 9780199686674
040 ## - CATALOGING SOURCE
Description conventions rda
041 0# - LANGUAGE CODE
Language code of text/sound track or separate title eng
082 0# - DEWEY DECIMAL CLASSIFICATION NUMBER
Classification number 155.7
Item number GEN
245 00 - TITLE STATEMENT
Title Genetics of psychological well-being :
Remainder of title the role of heritability and genetics in positive psychology /
Statement of responsibility, etc. Michael Pluess (editor).
250 ## - EDITION STATEMENT
Edition statement First edition
264 #1 - PRODUCTION, PUBLICATION, DISTRIBUTION, MANUFACTURE, AND COPYRIGHT NOTICE
Place of production, publication, distribution, manufacture United States of America :
Name of producer, publisher, distributor, manufacturer Oxford University Press,
Date of production, publication, distribution, manufacture, or copyright notice 2015
300 ## - PHYSICAL DESCRIPTION
Extent xxii, 294 páginas :
Other physical details ilustraciones ;
Dimensions 25 cm.
336 ## - CONTENT TYPE
Content type term texto
Source rdacontent
Content type code txt
337 ## - MEDIA TYPE
Media type term sin medio
Source rdamedia
Media type code n
338 ## - CARRIER TYPE
Carrier type term volumen
Source rdacarrier
Carrier type code nc
490 0# - SERIES STATEMENT
Series statement Positive Psychology Series
650 #4 - SUBJECT ADDED ENTRY--TOPICAL TERM
Topical term or geographic name entry element Psicología positiva
650 #4 - SUBJECT ADDED ENTRY--TOPICAL TERM
Topical term or geographic name entry element Psicología genética
700 1# - ADDED ENTRY--PERSONAL NAME
Personal name Pluess, Michael,
Relator term editor
9 (RLIN) 3958
942 ## - ADDED ENTRY ELEMENTS (KOHA)
Classification part 155.7
Item part GEN
Koha item type Libro
Existencias
Withdrawn status Lost status Source of classification or shelving scheme Damaged status Not for loan Collection code Home library Current library Shelving location Date acquired Source of acquisition Total Checkouts Full call number Barcode Checked out Date last seen Date last checked out Price effective from Koha item type
    Dewey Decimal Classification     Magisterial Biblioteca Karol Wojtyla Biblioteca Karol Wojtyla Módulo de circulación 30/03/2017 Compra 1 155.7 GEN 2015 97362 17/05/2017 17/05/2017 17/05/2017 14/06/2017 Magisterial